000 00941nam a2200229 i 4500
001 66529
003 ES-MaACL
005 20230906165707.0
007 t|
008 040301s2002 sp ||||1| spa d
080 _a32(460)
111 2 _aJornadas Reflexiones sobre España (
_n1ª.
_d1998)
_9850
245 1 3 _aReflexiones sobre España
_b: el antiguo régimen y la transición, el estado de las autonomías, el ser de España.
260 _aMadrid :
_bFundación Foro Jovellanos para la Innovación Social,
_c[ca. 2000]
300 _a144 p. ;
_c28 cm.
500 _aTít. tomado de la cub.
650 1 4 _aAdministración autonómica-
_zEspaña-
_vCongresos y asambleas.
_99618
650 1 4 _aNacionalismo-
_zEspaña-
_vCongresos y asambleas.
_915448
651 _aEspaña-
_xHistoria-
_yS.XX-
_vCongresos y asambleas.
_9148345
710 2 _aFundación Foro Jovellanos para la Innovación Social.
_94307
852 _aES-MaACL
_jL-26990
_bR.132608
999 _c66529
_d66529